MDQL
is popping MORE tags! Check the
thread
!
Quizzes
Events
Quiz Creation
Community
Videos
Private Events
Remove Ads
Sign In
Join for FREE
Feedback
Dark Mode
Quiz Categories
Sports
Geography
Music
Movies
Television
Just For Fun
Miscellaneous
History
Literature
Language
Science
Gaming
Entertainment
Religion
Holiday
For Kids
Quiz Lab
Recent
Popular Today
Quiz Kudos Today
Editor Picks
Curator Picks
Quizzes by...
Day
Popularity
Type
Ratings
Length
Year
Community
Subscriptions
Recent Discussions
Orange Saloon
Badges
Playlists
Quests
Create
Leaderboards
Showdown
Live 5
Trivia Bingo
Activity
Puzzle Library
Sporcle Events
Private Events
Virtual Trivia
Globe League
Become a Host
Pub Owners
SporcleCon
Opinionation
Our Games
Videos
Blog
Mobile Apps
Partnerships
Remove Ads and Go Orange
Feedback
Movies
Disney
Marvel Cinematic Universe
Movie Resume
Movie Titles
Oscar
Actor
Actress
Director
Pixar
Role
Movie Quotes
Movie Characters
Box Office
Nominee
Best Picture
Star Wars
James Bond
Horror Movies
Movies
Disney
Marvel Cinematic Universe
Movie Resume
Movie Titles
Oscar
Actor
Actress
Director
Pixar
Role
Movie Quotes
Movie Characters
Box Office
Nominee
Best Picture
Star Wars
James Bond
Horror Movies
Random Quiz
Search Sporcle
×
Quiz Lab
Quiz Lab
Movies
Awards Volume
Type in answers that appear in a list
Type in answers that appear in a list
Classic
Best Score? Go Orange.
The Academy Awards: Volume 1 Stats
Can you name the The Academy Awards: Volume 1?
By
DanTravers
20m
221 Questions
2,446 Plays
2,446 Plays
2,446 Plays
Comments
Comments
Give Quiz Kudos
Give Quiz Kudos
-
- Ratings
hide this ad
More Info
Replay
Link that replays current quiz
Next Quiz
Link to next quiz in quiz playlist
You Got
0%
They Got
Avg Score
79%
Avg Friend Score
Upgrade to see
Score Distribution
Jump to the score distribution portion of the page
Score
0/221
Timer
20:00
0
Plays Today
% Correct
CLARK GABLE, IT HAPPENED ONE NIGHT
97.5%
Clark Gable, Mutiny on the Bounty
97.5%
BETTE DAVIS, DANGEROUS
97.1%
BETTE DAVIS, JEZEBEL
97.1%
Paul Muni, The Valiant
96.8%
IT HAPPENED ONE NIGHT
96.5%
KATHARINE HEPBURN, MORNING GLORY
96.3%
Katharine Hepburn, Alice Adams
96.3%
MUTINY ON THE BOUNTY
96.1%
Bette Davis, Of Human Bondage
96%
WINGS
95.9%
CHARLES LAUGHTON, THE PRIVATE LIFE OF HENRY VIII
95.3%
Charles Laughton, Mutiny on the Bounty
95.3%
Spencer Tracy, San Francisco
95%
SPENCER TRACY, CAPTAINS COURAGEOUS
95%
SPENCER TRACY, BOYS TOWN
95%
CLAUDETTE COLBERT, IT HAPPENED ONE NIGHT
93.9%
Claudette Colbert, Private Worlds
93.9%
Fredric March, The Royal Family of Broadway
93.7%
FREDRIC MARCH, DR. JEKYLL AND MR. HYDE
93.7%
Fredric March, A Star Is Born
93.7%
Jackie Cooper, Skippy
93.4%
Gary Cooper, Mr. Deeds Goes to Town
93.4%
LIONEL BARRYMORE, A FREE SOUL
93.3%
In Old Arizona
93.3%
CIMARRON
92.9%
ALL QUIET ON THE WESTERN FRONT
92.9%
JANET GAYNOR, STREET ANGEL, SUNRISE, AND SEVENTH HEAVEN
92.8%
Janet Gaynor, A Star Is Born
92.8%
Jezebel
92.6%
Paul Muni, I Am a Fugitive from a Chain Gang
92.5%
Paul Muni, Black Fury
92.5%
PAUL MUNI, THE STORY OF LOUIS PASTEUR
92.5%
Paul Muni, The Life of Emile Zola
92.5%
THE BROADWAY MELODY
92.4%
Greta Garbo, Anna Christie
92.3%
Greta Garbo, Romance
92.3%
Greta Garbo, Camille
92.3%
THE LIFE OF EMILE ZOLA
92%
Bessie Love, The Broadway Melody
92%
Boys Town
91.9%
Alice Adams
91.7%
The Private Life of Henry VIII
91.7%
NORMA SHEARER, THE DIVORCEE
91.6%
Norma Shearer, Their Own Desire
91.6%
Norma Shearer, A Free Soul
91.6%
Norma Shearer, The Barretts of Wimpole Street
91.6%
Norma Shearer, Romeo and Juliet
91.6%
Norma Shearer, Marie Antoinette
91.6%
THE GREAT ZIEGFELD
91.3%
EMIL JANNINGS, THE LAST COMMAND AND THE WAY OF ALL FLESH
91.2%
GRAND HOTEL
91%
CAVALCADE
90.9%
MARY PICKFORD, COQUETTE
90.6%
Skippy
90.5%
WARNER BAXTER, IN OLD ARIZONA
90.4%
Captains Courageous
90.4%
A Star Is Born
90.3%
YOU CAN'T TAKE IT WITH YOU
90.2%
HELEN HAYES, THE SIN OF MADELON CLAUDET
89.8%
LUISE RAINER, THE GREAT ZIEGFELD
89.8%
LUISE RAINER, THE GOOD EARTH
89.8%
MARIE DRESSLER, MIN AND BILL
89.5%
Marie Dressler, Emma
89.5%
Seventh Heaven
89.2%
Wallace Beery, The Big House
89.2%
WALLACE BEERY, THE CHAMP
89.2%
Mr. Deeds Goes to Town
89.2%
William Powell, The Thin Man
89%
William Powell, My Man Godfrey
89%
San Francisco
88.8%
Gloria Swanson, Sadie Thompson
88.7%
Gloria Swanson, The Trespasser
88.7%
GEORGE ARLISS, DISRAELI
88.5%
% Correct
George Arliss, The Green Goddess
88.5%
Irene Dunne, Cimarron
88.4%
Irene Dunne, Theodora Goes Wild
88.4%
Irene Dunne, The Awful Truth
88.4%
Marlene Dietrich, Morocco
88.1%
Walter Huston, Dodsworth
88.1%
I Am a Fugitive from a Chain Gang
88%
The Divorcee
87.9%
WALTER BRENNAN, COME AND GET IT
87.5%
The Patriot
87.5%
James Cagney, Angels with Dirty Faces
87.2%
Ruth Chatterton, Madame X
87.1%
Carole Lombard, My Man Godfrey
86.8%
The Story of Louis Pasteur
86.7%
Fay Bainter, White Banners
86.6%
Dodsworth
86.5%
The Champ
86.4%
Romeo and Juliet
86.2%
Leslie Howard, Berkeley Square
86.1%
Leslie Howard, Pygmalion
86.1%
The Thin Man
86.1%
Alibi
86%
Disraeli
85.6%
The Big House
85.4%
The Good Earth
85.4%
VICTOR MCLAGLEN, THE INFORMER
85.3%
Maurice Chevalier, The Big Pond
85.2%
Maurice Chevalier, The Love Parade
85.2%
Ronald Colman, Bulldog Drummond
85.2%
Ronald Colman, Condemned
85.2%
The Awful Truth
84.7%
Robert Donat, The Citadel
84.7%
Pygmalion
84.7%
Barbara Stanwyck, Stella Dallas
84.6%
Lewis Stone, The Patriot
84.5%
The Barretts of Wimpole Street
84.4%
George Bancroft, Thunderbolt
84.1%
Alice Brady, My Man Godfrey
83.9%
ALICE BRADY, IN OLD CHICAGO
83.9%
The Informer
83.7%
Jeanne Eagels, The Letter
83.6%
The Love Parade
83%
The Citadel
82.8%
Chester Morris, Alibi
82.8%
GALE SONDERGAARD, ANTHONY ADVERSE
82.7%
Basil Rathbone, Romeo and Juliet
82.3%
JOSEPH SCHILDKRAUT, THE LIFE OF EMILE ZOLA
82.1%
Franchot Tone, Mutiny on the Bounty
82.1%
Charles Boyer, Conquest
81.9%
Charles Boyer, Algiers
81.9%
Louise Dresser, A Ship Comes In
81.5%
Richard Dix, Cimarron
81.5%
The Front Page
81.2%
The Hollywood Revue of 1929
81.1%
Lynn Fontanne, The Guardsman
81.1%
Richard Barthelmess, The Noose and The Patent Leather Kid
80.9%
Merle Oberon, The Dark Angel
80.9%
Wendy Hiller, Pygmalion
80.5%
In Old Chicago
80.1%
Frank Morgan, The Affairs of Cellini
80%
Adolphe Menjou, The Front Page
79.7%
Beulah Bondi, The Gorgeous Hussy
79.7%
Anthony Adverse
79.4%
May Robson, Lady for a Day
79.3%
Betty Compson, The Barker
79.3%
Lady for a Day
79.3%
Alfred Lunt, The Guardsman
79%
Grace Moore, One Night of Love
78.9%
Robert Montgomery, Night Must Fall
78.8%
WALTER BRENNAN, KENTUCKY
78.7%
The Racket
78.6%
One Night of Love
78.6%
FAY BAINTER, JEZEBEL
78.6%
Mischa Auer, My Man Godfrey
78.1%
% Correct
Ruth Chatterton, Sarah and Son
78%
Little Women
78%
Maria Ouspenskaya, Dodsworth
77.9%
The Adventures of Robin Hood
77.9%
Diana Wynyard, Cavalcade
77.7%
Corinne Griffith, The Divine Lady
77.5%
Thomas Mitchell, The Hurricane
77.4%
Roland Young, Topper
77.1%
Four Daughters
76.8%
Broadway Melody of 1936
76.5%
Top Hat
76.2%
The Gay Divorcee
76.2%
She Done Him Wrong
76%
Cleopatra
76%
A Midsummer Night's Dream
76%
42nd Street
75.9%
Stage Door
75.8%
Lawrence Tibbett, The Rogue Song
75.3%
Margaret Sullavan, Three Comrades
75.3%
Akim Tamiroff, The General Died at Dawn
75.1%
Ann Harding, Holiday
75%
David Copperfield
75%
Lost Horizon
74.8%
Dead End
74.5%
Ralph Bellamy, The Awful Truth
74.5%
Basil Rathbone, If I Were King
74.4%
Trader Horn
74.4%
Dame May Whitty, Night Must Fall
74.2%
Claire Trevor, Dead End
74.1%
Bad Girl
74%
Arrowsmith
73.9%
State Fair
73.8%
A Tale of Two Cities
73.8%
H.B. Warner, Lost Horizon
73.5%
East Lynne
73.4%
Gladys George, Valiant Is the Word for Carrie
73.3%
Miriam Hopkins, Becky Sharp
73.1%
Stuart Erwin, Pigskin Parade
73.1%
Alexander's Ragtime Band
73.1%
Beulah Bondi, Of Human Hearts
72.8%
Nancy Carroll, The Devil's Holiday
72.6%
Elisabeth Bergner, Escape Me Never
72.6%
Anne Shirley, Stella Dallas
72.6%
Les Miserables
72.5%
Shanghai Express
71.7%
One Hundred Men and a Girl
71.7%
Captain Blood
71.6%
Smilin' Through
71.5%
Andrea Leeds, Stage Door
71.5%
Test Pilot
71.2%
One Hour with You
71.1%
The White Parade
70.9%
Libeled Lady
70.8%
The Smiling Lieutenant
70.7%
John Garfield, Four Daughters
70.6%
The Grand Illusion
70.5%
Three Smart Girls
70.5%
Five Star Final
70.4%
Ruggles of Red Gap
70.4%
Billie Burke, Merrily We Live
70.3%
A Farewell to Arms
70%
Viva Villa!
70%
Imitation of Life
69.8%
The Lives of a Bengal Lancer
69.6%
Spring Byington, You Can't Take It with You
69.4%
The House of Rothschild
69.2%
Bonita Granville, These Three
68.7%
Flirtation Walk
68.1%
Here Comes the Navy
67.6%
Robert Morley, Marie Antoinette
66.7%
Naughty Marietta
65.7%
Gene Lockhart, Algiers
65%
Miliza Korjus, The Great Waltz
64.4%
Quiz Playlist
Details
Report
Send in Message
Add To Playlist
More Info:
There were no official nominees in 1929. Therefore, I'm only asking for the winners. Winners are in CAPS
Classic:
Type in answers that appear in a list
Quiz Source
Last Updated: Mar 11, 2017
Quiz Scoreboard
CHALLENGE
Sign Up to Join the Scoreboard
Show All
Scores
Hide
Comments
May contain spoilers
Recently Published
Image Sorting: Flags VI
by Barbecue
Geography
2m
Find the 'City' Movie
by crazypaving
Movies
60s
Colored Red Africa Blitz
by spor1
Geography
45s
More to Explore
Quiz From the Vault
Featured Blog Post
14 Easter Pick-up Lines to Find Eggs With
hide this ad
You Might Also Like...
Tags
Academy
Award
Awards Volume
Volume
Today's Top Quizzes in Movies
Browse Movies
hide this ad
Top Contributed Quizzes in Movies
1
Find The 'Big' Movie
2
Find The 'Blue' Movie
3
Find The 'Wild' Movie
4
Movies By Plot
5
The ultimate James Bond movie quiz
6
Hidden Star Wars Character II
7
Pick 5 Posters: Directed by Spielberg
8
Hidden Star Wars Character III
9
Hidden Star Wars Character IV
10
25 Best Actor Nominees (1990s)
Explore More
Trending Topics
Anime
Kpop
Disney
Harry Potter
Marvel
Crossword
NBA
Puzzle
Soccer
Pokémon
NFL
Song
Country
WWE
The Office
hide this ad
More By:
DanTravers
Quiz
Plays
Rating
Category
Featured
Created
NBC Sitcom Last Name Extravaganza!
17,198
4.45
Television
Oct 18, 2017
Every Oscar Winning Actor EVER
8,717
4.13
Movies
May 11, 2011
Emmy - Drama Supporting Actor
7,644
4.47
Television
Sep 14, 2010
The Academy Awards: Volume 7
4,276
4.64
Movies
Feb 4, 2010
The Academy Awards: Volume 6
3,975
4.67
Movies
Feb 4, 2010
Go to Creator's Profile
Score Distribution
Quiz Creator Spotlight
DanTravers
Follow
Send a Message
Quizzes Created
-
Created Quiz Play Count
-
More By This Creator
Popular Quizzes Today
1
Colored Red Africa Blitz
2
Find the US States - No Outlines Minefield
3
Find the 'City' Movie
4
5x2 Blitz: Bands
5
The Countries of the World
6
Find the US States
7
Find the Countries of Europe - No Outlines Minefield
8
US States
More Movies Quizzes
Movie Meltdown: I
Editor's Pick
Trending Quizzes
Colored Red Europe Blitz I
Colored Red Europe Blitz II
Colored Red Africa Blitz II
Colored Red Europe Blitz III
Colored Red Africa Blitz III
Recently Updated
How Do You Spell That?
pecheneg
Godzilla Movies
pecheneg
Grab Bag: 4-10 Letters
pecheneg
2024 March Madness Bracket
pecheneg
Famous TV Couples
Peacemaker
Champions League XIs: Real Madrid
pecheneg
Largest US Cities 1790-2010
pecheneg
Rides in Walt Disney World
pecheneg
Most Oscar Losses (Acting)
pecheneg
Beyoncé Albums
pecheneg
Trending Topics
Disney
Harry Potter
Anime
Marvel
Kpop
NBA
Crossword
Puzzle
NFL
Country
The Office
Song
Soccer
WWE
Pokémon
Your Account Isn't Verified!
In order to create a playlist on Sporcle, you need to verify the email address you used during registration. Go to your
Sporcle Settings
to finish the process.
Report this User
Report this user for behavior that violates our
Community Guidelines
.
Details:
Send Report
Go to the Sporcle.com Mobile Site →
Comments